000 00229nam a2200085Ia 4500
008 220204s9999 xx 000 0 und d
245 0 _aMad's dave berg looks at things
260 _aNew Jersy
_bNew American Library
_c1967
942 _cBK
999 _c35735
_d35735